000 01394nam0a22003131 4500
001 rc\2278070
005 20260407142116.0
035 _a(NLR Aleph) 006557825
090 _a6811034
_c6811034
100 _a20110829d1979 |||y0rusy50 ca
101 0 _arus
102 _aRU
105 _aa z |||||
200 1 _aПочвообразование в техногенных ландшафтах
_e[Сб. статей]
_fАН СССР, Сиб. отд-ние, Ин-т почвоведения и агрохимии
_gОтв. ред. С.С. Трофимов
210 _aНовосибирск
_cНаука. Сиб. отд-ние
_d1979
215 _a293 с., 1 л. табл.
_cил.
_d22
320 _aБиблиогр. в конце статей
606 _aПочвообразование
_jСборники
_xЗначение антропического фактора
_2psbo
606 _aКультурные ландшафты
_jСборники
_2psbo
686 _aП031я43
_2rubbk
702 1 _aТрофимов
_bС.С.
_gСергей Сергеевич
_4340
712 0 2 _aИнститут почвоведения и агрохимии
_cНовосибирск
_3RU\NLR\AUTH\8810011314
_9520334
801 0 _aRU
_bNLR
_gpsbo
801 1 _aRU
_bELAR
_2rusmarc
852 _aNLR
_j79-5/4817
899 _aRuMoRGB
_jБ 79-23/101
899 _aRuMoRGB
_jБ 79-23/102
942 _cBOOK
980 _aNB